Systematics of Trichosalpinx : (Registro nro. 5400)

Detalles MARC
000 -CABECERA
Campo de control 00934nam a2200265 a 4500
005 - FECHA Y HORA DE LA ULTIMA TRANSACCION
Campo de control 20170424094014.0
008 - ELEMENTOS DE LONGITUD FIJA—INFORMACION GENERAL
Campo de control 160301t1997 -usa fr|||| 001 0 e d
020 ## - ISBN
ISBN 0915279517
040 ## - FUENTE DE CATALOGACIÓN
Agencia catalogadora original CO-BoIAVH
Agencia transcriptora CO-BoIAVH
041 0# - IDIOMA
Código de idioma para texto/pista de sonido o título separado Inglés
044 ## - PAÍS DE PUBLICACIÓN
País de publicación Estados Unidos
082 04 - NUMERO DE CLASIFICACION DECIMAL DEWEY
Número de clasificación 584.4
Número del ítem L94s15
100 1# - ASIENTO PRINCIPAL--NOMBRE PERSONAL
Nombre personal Luer, Carlyle A.
9 (RLIN) 63230
245 10 - MENCION DE TITULO
Título Systematics of Trichosalpinx :
Parte restante del título Addenda to Dracula, Masdevallia, Myoxanthus and Scaphosepalum, corrigenda to Lepanthes of Ecuador
260 ## - PUBLICACION, DISTRIBUCION, ETC. (PIE DE IMPRENTA)
Lugar de publicación, distribución, etc. Sarasota :
Nombre del editor, distribuidor, etc. Missouri Botanical Garden,
Fecha de publicación, distribución, etc. c1997.
300 ## - DESCRIPCION FISICA
Extensión 136 páginas :
Otros detalles físicos Ilustraciones ;
Dimensiones 26 x 18 cm.
490 0# - MENCION DE SERIE
Mención de serie Icones pleurothallidinarum ;
Designación numérica/secuencial del volumen 15
500 ## - NOTA GENERAL
Nota general Incluye índice: páginas 119-121.
650 16 - ASIENTO SECUNDARIO DE MATERIA - TERMINO TEMATICO
Término temático o nombre geográfico como elemento de entrada Orchidaceae
9 (RLIN) 63249
650 26 - ASIENTO SECUNDARIO DE MATERIA - TERMINO TEMATICO
Término temático o nombre geográfico como elemento de entrada Orquídeas Claves taxonómicas
9 (RLIN) 63243
650 16 - ASIENTO SECUNDARIO DE MATERIA - TERMINO TEMATICO
Término temático o nombre geográfico como elemento de entrada Orquídeas
Subdivisión general Descripciones taxonómicas
9 (RLIN) 63250
662 ## - ASIENTO SECUNDARIO DE MATERIA - JERARQUIA DEL NOMBRE DE LUGAR(
País o entidad mayor Ecuador
710 2# - ASIENTO SECUNDARIO - NOMBRE CORPORATIVO
9 (RLIN) 63235
Nombre corporativo o de jurisdicción como elemento de entrada Missouri Botanical Garden
942 ## - ELEMENTOS ADICIONALES (KOHA)
Tipo de ítem Libro
Sistema de clasificación Dewey Decimal Classification
Existencias
Withdrawn status Lost status Sistema de Clasificación Damaged status No para préstamo Colección Inventariado Ubicación Permanente Ubicación actual Fecha de adquisición Fuente de Valor Valor Total Checkouts Número topográfico Inventario / Código de Barras Date last seen Ejemplar Price effective from Tipo de material
    Dewey Decimal Classification     General Inventariado 2017 Bogotá Bogotá 27/11/2006 Instituto 39000.00   LB-584.4 L94s15 023785 04/12/2012 Ej.1 04/12/2012 Libro